Logo BPK

Biblioteka

Politechniki Koszalińskiej

Orzecznictwo Europejskiego Trybunału Sprawiedliwości / (Rekord nr 43509)

Szczegóły MARC
000 -ETYKIETA REKORDU
podpole kontrolne o stałej długości 01303nam a2200325 i 4500
001 - NUMER KONTROLNY REKORDU
pole kontrolne bg
020 ## - MIĘDZYNARODOWY ZNORMALIZOWANY NUMER KSIĄŻKI - ISBN
ISBN 8372477698
040 ## - ŹRÓDŁO KATALOGOWANIA
Instytucja, która utworzyła rekord BPK
041 1# - KOD JĘZYKA
Kod języka tekstu pol
Kod języka oryginału eng
080 ## - UNIWERSALNA KLASYFIKACJA DZIESIĘTNA - UKD
UKD 341.6(4-67)(094.8)(075.8)
920 ## - Międzynarodowy znormalizowany numer książki – ISBN
ISBN 83-7247-769-8
008 - POLE O STAŁEJ DŁUGOŚCI - DANE KONTROLNE
podpole kontrolne o stałej długości s pl f |000 0 pol
245 00 - TYTUŁ/ODPOWIEDZIALNOŚĆ
Tytuł Orzecznictwo Europejskiego Trybunału Sprawiedliwości /
Pozostałe elementy strefy tytułu i oznaczenia odpowiedzialności red. Ryszard Skubisz ; wprowadzenie Ewa Skrzydło-Tefelska, Ryszard Skubisz, Andrzej Wróbel ; wybór orzeczeń Paweł Gilowski, Dawid Miąsik.
260 ## - STREFA ADRESU WYDAWNICZEGO
Miejsce wydania Warszawa :
Nazwa wydawcy/dystrybutora C. H. Beck,
Data publikacji, dystrybucji/powstania dokumentu 2003.
300 ## - STREFA OPISU FIZYCZNEGO
Objętość XIV, [1], 213, [1] s. ;
Rozmiary 23 cm + +
Dokument towarzyszący CD-ROM.
490 1# - STREFA SERII I DOKUMENTU WIELOCZĘŚCIOWEGO - FORMA NIE DO WYSZUKIWANIA
Tytuł i oznaczenie odpowiedzialności serii Orzecznictwo Europejskie
500 ## - UWAGI OGÓLNE
Tekst uwagi Na s. red. błędny ISBN. - Tekst częśc. tł. z ang.
504 ## - UWAGA DOTYCZĄCA BIBLIOGRAFII
Informacje o bibliografii Indeks.
610 29 - HASŁO PRZEDMIOTOWE W FORMIE NAZWY CIAŁA ZBIOROWEGO
Nazwa ciała zbiorowego lub nazwa geograficzna Europejski Trybunał Sprawiedliwości
Określnik ogólny orzecznictwo
650 #9 - HASŁO PRZEDMIOTOWE W FORMIE NAZWY OGÓLNEJ LUB JEDNOSTKOWEJ
Nazwa ogólna lub geograficzna Prawo wspólnotowe europejskie
Określnik chronologiczny stan na 2003 r.
655 ## - TERMIN INDEKSOWY - OKREŚLENIE RODZAJU/FORMY DOKUMENTU
Określenie rodzaju/formy dokumentu Podręczniki akademickie
700 1# - HASŁO DODATKOWE - NAZWA OSOBOWA
Nazwa osobowa SKUBISZ, Ryszard.
Określenie związku między hasłem a opisywanym materiałem Red.
700 1# - HASŁO DODATKOWE - NAZWA OSOBOWA
Nazwa osobowa SKRZYDŁO-TEFELSKA, Ewa.
Określenie związku między hasłem a opisywanym materiałem Przedm.
700 1# - HASŁO DODATKOWE - NAZWA OSOBOWA
Nazwa osobowa WRÓBEL, Andrzej.
Określenie związku między hasłem a opisywanym materiałem Przedm.
700 1# - HASŁO DODATKOWE - NAZWA OSOBOWA
Nazwa osobowa GILOWSKI, Paweł.
Określenie związku między hasłem a opisywanym materiałem Aut. wyboru
700 1# - HASŁO DODATKOWE - NAZWA OSOBOWA
Nazwa osobowa MIĄSIK, Dawid.
Określenie związku między hasłem a opisywanym materiałem Aut. wyboru
830 ## - HASŁO DODATKOWE SERII LUB DOKUMENTU WIELOCZĘŚCIOWEGO - TYTUŁ UJEDNOLICONY
Tytuł ujednolicony Orzecznictwo Europejskie
856 ## - LOKALIZACJA I DOSTĘP DO ELEKTRONICZNYCH DOKUMENTÓW ZDALNYCH
Link (URL) http://koha.tu.koszalin.pl/cgi-bin/koha/opac-detail.pl?biblionumber=43509
Tekst linku Katalog online BPK
942 ## - DODATKOWE ELEMENTY (KOHA)
Typ dokumentu Książka
Egzemplarze
Wycofany Status egzemplarza Uszkodzony Dostępność Lokalizacja stała Lokalizacja bieżąca Miejsce przechowywania Sygnatura Kod kreskowy Ostatnio wypożyczono Typ dokumentu
      Dostępny Biblioteka Politechniki Koszalińskiej Biblioteka Politechniki Koszalińskiej Wypożyczalnia BG 69165 02046846 08.11.2016 Książka
© 2023 Biblioteka Politechniki Koszalińskiej :: KOHA